BIBLIOTECA

SENCICO

Poema del Cid / (Registro nro. 60)

Detalles MARC
000 -LEADER
fixed length control field 00616nam a2200229Ia 4500
003 - CONTROL NUMBER IDENTIFIER
control field PE SENCICO BE
005 - DATE AND TIME OF LATEST TRANSACTION
control field 20251020182424.0
008 - FIXED-LENGTH DATA ELEMENTS--GENERAL INFORMATION
fixed length control field 200515s9999 xx 000 0 und d
040 ## - CATALOGING SOURCE
Original cataloging agency PE SENCICO BE
Transcribing agency PE SENCICO BE
041 ## - LANGUAGE CODE
Language code of text/sound track or separate title spa
082 ## - DEWEY DECIMAL CLASSIFICATION NUMBER
Classification number 861.1
Item number C1
130 ## - MAIN ENTRY--UNIFORM TITLE
9 (RLIN) 2040
Uniform title Cantar del mio Cid
245 10 - TITLE STATEMENT
Title Poema del Cid /
Statement of responsibility, etc. Anónimo
250 ## - EDITION STATEMENT
Edition statement 6a ed.
260 ## - PUBLICATION, DISTRIBUTION, ETC.
Place of publication, distribution, etc. Lima :
Name of publisher, distributor, etc. Universo,
Date of publication, distribution, etc. 1980
300 ## - PHYSICAL DESCRIPTION
Extent 231 p. :
Dimensions 17 cm.
490 ## - SERIES STATEMENT
Series statement Colección Autores Clásicos
650 10 - SUBJECT ADDED ENTRY--TOPICAL TERM
Topical term or geographic name entry element Poesías épicas españolas
9 (RLIN) 2036
650 20 - SUBJECT ADDED ENTRY--TOPICAL TERM
Topical term or geographic name entry element Literatura española
9 (RLIN) 2034
942 ## - ADDED ENTRY ELEMENTS (KOHA)
Koha item type Libros
Source of classification or shelving scheme Dewey Decimal Classification
Existencias
Fecha de la última vez que lo usaron Número de ingreso o de inventario Pago total Signatura topográfica completa Código de barras Precio efectivo desde Tipo de documento Estado perdido Sistema de clasificación Estado dañado No es para préstamo Retirado Ubicación permanente Ubicación actual Fecha de adquisición
15/05/2020 12392   861.1/C1/1980 BibLima24030065 15/05/2020 Libros   Dewey Decimal Classification       Biblioteca Central Lima Biblioteca Central Lima 15/05/2020